Facultad de Derecho – Universidad Nacional de Mar del Plata

Proceso Compulsorio para el Cobro de Salarios / (Record no. 3163)

MARC details
000 -CABECERA
campo de control de longitud fija 00541nam a22002055a 4500
001 - NUMERO DE CONTROL
campo de control 002809
003 - IDENTIFICADOR DE NUMERO DE CONTROL
campo de control armpunfd
005 - FECHA ULTIMA MODIFICACION
campo de control 20150622153709.0
008 - ELEMENTOS DE LONGITUD FIJA -- INFORMACION GENERAL
campo de control de longitud fija 140627s1965####ag############000#0#und#d
080 ## - NUMERO DE CLASIFICACION DECIMAL UNIVERSAL (CDU)
Número de la Clasificación Decimal Universal 347.91 / 95 All 97
100 1# - ASIENTO PRINCIPAL--NOMBRE PERSONAL
Nombre personal Allocati Amadeo.
245 10 - MENCION DE TITULO
Título propiamente dicho Proceso Compulsorio para el Cobro de Salarios /
260 ## - PUBLICACION, DISTRIBUCION, ETC. (PIE DE IMPRENTA)
Lugar de publicación, distribución, etc. Buenos Aires :
Nombre del editor, distribuidor, etc. Abeledo Perrot,
Fecha de publicación, distribución, etc. 1965.
300 ## - DESCRIPCION FISICA
Extensión 67 P.
650 #7 - ASIENTO SECUNDARIO DE MATERIA - TERMINO TEMATICO
Término temático o nombre geográfico como elemento de entrada Juicio de Apremio
Fuente del encabezamiento o término LEMB
650 #7 - ASIENTO SECUNDARIO DE MATERIA - TERMINO TEMATICO
Término temático o nombre geográfico como elemento de entrada Titulo Ejecutivo
Fuente del encabezamiento o término LEMB
651 ## - ASIENTO SECUNDARIO DE MATERIA - NOMBRE GEOGRAFICO
Fuente del encabezamiento o término LEMB
945 ## - INFORMACION DE PROCESAMIENTO LOCAL
Responsable de carga/modificación Celeste Delía
Fecha de ingreso o modificación 2014-06-27
Holdings
Retirado Perdido Dañado No se presta Ubicación permanente Locación actual Estante o sala Fecha de adquisición Signatura topográfica Inventario Ultima fecha vista Tipo de item de Koha
        Bib. Derecho Bib. Derecho Biblioteca Graduados 09/12/2014 347.91 / 95 All 97 300842 09/12/2014 LIBRO (Consulta)

XHTML | CSS | ©Biblioteca Central - Dto. Tecnología de la Información - [ Con tecnología Koha ]